| 000 | 01236nam a2200289 i 4500 | ||
|---|---|---|---|
| 001 | 66858 | ||
| 003 | ES-MaACL | ||
| 005 | 20250807233241.0 | ||
| 007 | t| | ||
| 008 | 030911s2003 sp ||||0| spa d | ||
| 020 | _a84-451-2433-1 | ||
| 080 | _a305-055.2:659.1 | ||
| 080 | _a305-055.2(05) | ||
| 245 | 0 | 3 |
_aLa mujer y la publicidad / _cestudios realizados por C.E.C.U, ACUREMA, Asociación de Consumidores y Usuarios de Madrid. |
| 260 |
_a[Madrid] : _bComunidad de Madrid, Dirección General de la Mujer, _c2003. |
||
| 300 |
_a121 p. : _bgráf. ; _c22 cm. |
||
| 490 | 1 |
_aPublicaciones / Dirección General de la Mujer ; _v27 |
|
| 505 | 8 | _aContiene: La imagen de la mujer en la publicidad ; Los mensajes publicitarios dirigidos a la mujer adolescente | |
| 650 | 7 |
_aMujeres en la publicidad _2embne _915340 |
|
| 650 | 4 |
_aPublicaciones periódicas femeninas. _916607 |
|
| 710 | 2 |
_aConfederación Estatal de Consumidores y Usuarios. _93159 |
|
| 710 | 2 |
_aAsociación de Consumidores y Usuarios de Madrid. _91575 |
|
| 710 | 1 |
_aMadrid (Comunidad Autónoma). _bDirección General de la Mujer. _95615 |
|
| 830 | 1 | 0 |
_aDGM, Dirección General de la Mujer _v27 _9228545 |
| 852 |
_aES-MaACL _jL-27331 |
||
| 999 |
_c66858 _d66858 |
||